00765nam a2200217 a 4500008004100000020001900041040002500060041001300085044001100098080001000109100003500119240004000154245010200194260002700296300001800323500005000341650004500391700002600436730002900462765005600491991214s1999 m yxo ra 0 slo c a8071188034c30 aSNKbslocSNKeAACR21 asloheng axocSK a820-31 aForsyth, Frederickd1938-4aut10aThe phantom of ManhattanlSlovensky10aFantóm ManhattanucFrederick Forsyth ; [z anglického originálu preložila Viera Detková] aBratislavabIKARc1999 a197 s.c21 cm aÚdaj o prekl. prevzatý z rubu tit. strany07aromány spoločenské anglické2SNK1 aDetková, Viera4trl tThe phantom of Manhattan0 tThe phantom of ManhattanaForsyth, Frederick, 1938-